[Event "Nantes op 12th"]
[White "Sentis, Maxime"]
[Black "Lambert, Romain"]
[Site "Nantes "]
[Round "6"]
[Result "0-1"]
[Date "2013.12.30"]
[WhiteElo "1876"]
[BlackElo "2085"]
[PlyCount "116"]
[EventDate "2013.12.27"]
[EventType "swiss"]
[EventRounds "7"]
[EventCountry "FRA"]
[SourceTitle "CBM 158 Extra"]
[Source "ChessBase"]
[SourceDate "2014.02.28"]
[SourceVersion "1"]
[SourceVersionDate "2014.02.28"]
[SourceQuality "1"]

1. e4 c5 2. Nf3 d6 3. d4 cxd4 4. Qxd4 Nc6 5. Bb5 Bd7 6. Bxc6 Bxc6 7. Nc3 Nf6 8. Bg5 e6 9. 0-0-0 Be7 10. Rhe1 0-0 11. e5 dxe5 12. Qh4 Qc7 13. Nxe5 Rac8 14. Rd3 Nd5 15. Nxc6 Bxg5+ 16. Qxg5 bxc6 17. Rg3 f6 18. Qg4 e5 19. Qe6+ Qf7 20. Qxf7+ Kxf7 21. Rd1 Rfd8 22. Rgd3 Ke6 23. Na4 Ke7 24. Nc5 Nf4 25. Rd7+ Ke8 26. Rxd8+ Rxd8 27. Rxd8+ Kxd8 28. g3 Nh3 29. Ne6+ Kd7 30. Nxg7 Nxf2 31. Kd2 Ng4 32. h4 Kd6 33. Nf5+ Ke6 34. Ng7+ Kd5 35. Nf5 Ke4 36. Ne7 Kf3 37. Nxc6 Kf2 38. c4 e4 39. Nd4 e3+ 40. Kd1 Ne5 41. c5 Nc6 42. Ne2 f5 43. a3 a5 44. b3 h5 45. Nf4 Kxg3 46. Nxh5+ Kxh4 47. Nf4 Kg3 48. Nd5 Kf2 49. Nf4 Kf1 50. Ne2 Kf2 51. Nf4 Kf3 52. Nd3 Ke4 53. Ne1 f4 54. Ke2 Nd4+ 55. Kf1 f3 56. b4 a4 57. Nxf3 Kxf3 58. c6 e2+ 0-1

[Event "Nantes op 12th"]
[White "Sentis, Maxime"]
[Black "Kurayan, Ruslan"]
[Site "Nantes "]
[Round "2"]
[Result "0-1"]
[Date "2013.12.28"]
[WhiteElo "1876"]
[BlackElo "2393"]
[PlyCount "60"]
[EventDate "2013.12.27"]
[EventType "swiss"]
[EventRounds "7"]
[EventCountry "FRA"]
[SourceTitle "CBM 158 Extra"]
[Source "ChessBase"]
[SourceDate "2014.02.28"]
[SourceVersion "1"]
[SourceVersionDate "2014.02.28"]
[SourceQuality "1"]

1. e4 c5 2. Nf3 d6 3. d4 cxd4 4. Qxd4 Nf6 5. e5 Nc6 6. Bb5 Qa5+ 7. Nc3 Qxb5 8. Nxb5 Nxd4 9. Nfxd4 dxe5 10. Nc7+ Kd7 11. Nxa8 exd4 12. Bf4 e5 13. Bxe5 Bd6 14. Bxd4 Re8+ 15. Be3 Ng4 16. 0-0-0 Nxe3 17. fxe3 Kc6 18. Rd3 Bf5 19. Rc3+ Kd7 20. Rf1 Bg6 21. Rb3 Kc8 22. Rc3+ Kb8 23. Nb6 axb6 24. h3 Bc5 25. Rf3 f6 26. a3 Be4 27. Rf2 f5 28. Kd2 h5 29. Ke2 g5 30. Kf1 f4 0-1

[Event "Rohde op 10th"]
[White "Purenne, Benoit"]
[Black "Sentis, Maxime"]
[Site "Sautron"]
[Round "3"]
[Result "1-0"]
[Date "2010.10.25"]
[WhiteElo "1934"]
[BlackElo "1707"]
[PlyCount "47"]
[EventDate "2010.10.23"]
[EventType "swiss"]
[EventRounds "9"]
[EventCountry "FRA"]
[SourceTitle "EXT 2012"]
[Source "ChessBase"]
[SourceDate "2011.11.24"]
[SourceVersion "1"]
[SourceVersionDate "2011.11.24"]
[SourceQuality "1"]

1. d4 d5 2. e4 dxe4 3. Nc3 Nf6 4. f3 exf3 5. Nxf3 Bg4 6. h3 Bxf3 7. Qxf3 c6 8. Be3 e6 9. Bd3 Bd6 10. 0-0 Qc7 11. Bh6 Bf8 12. b4 Nbd7 13. Ne4 gxh6 14. Nxf6+ Nxf6 15. Qxf6 Rg8 16. Bxh7 Rg3 17. Be4 Qe7 18. Qf4 Rg8 19. c4 Bg7 20. Rad1 0-0-0 21. d5 Qxb4 22. dxc6 bxc6 23. Qxf7 Qb2 24. Qxe6+ 1-0